LEADER 03110nam 2200757 a 450 001 9910459131303321 005 20211006172436.0 010 $a0-12-397347-3 035 $a(DE-627)168464898X 035 $a(CKB)2660000000011211 035 $a(EBL)1187145 035 $a(OCoLC)845254777 035 $a(SSID)ssj0000968796 035 $a(PQKBManifestationID)11523181 035 $a(PQKBTitleCode)TC0000968796 035 $a(PQKBWorkID)10985935 035 $a(PQKB)10775683 035 $a(MiAaPQ)EBC1187145 035 $a(PPN)176638237 035 $a(Au-PeEL)EBL1187145 035 $a(CaPaEBR)ebr10698614 035 $a(CaONFJC)MIL487191 035 $a(EXLCZ)992660000000011211 100 $a20130521d2013 uy 0 101 0 $aeng 135 $aur|n|---||||| 181 $ctxt 182 $cc 183 $acr 200 00$aCellular migration and formation of neuronal connections$b[electronic resource] /$feditors-in-chief, John L.R. Rubenstein, Pasko Rakic 205 $a1st ed. 210 $aAmsterdam ;$aBoston $cElsevier/AP$d2013 215 $a1 online resource (1081 p.) 225 0 $aComprehensive developmental neuroscience 300 $aDescription based upon print version of record. 311 $a0-12-397266-3 320 $aIncludes bibliographical references and index. 327 $asection 1. Formation of axons and dendrites -- section 2. Migration -- section 3. Synaptogenesis -- section 4. Developmental sequences in the maturation of intrinsic and synapse driven patterns. 330 $aThe genetic, molecular, and cellular mechanisms of neural development are essential for understanding evolution and disorders of neural systems. Recent advances in genetic, molecular, and cell biological methods have generated a massive increase in new information, but there is a paucity of comprehensive and up-to-date syntheses, references, and historical perspectives on this important subject. The Comprehensive Developmental Neuroscience series is designed to fill this gap, offering the most thorough coverage of this field on the market today and addressing all aspects of how the n 606 $aDevelopmental neurobiology 606 $aNeurons$xGrowth 606 $aNeurons$xPhysiology 606 $aAxons$xGrowth 606 $aAxons$xPhysiology 606 $aDendrites$xGrowth 606 $aDendrites$xPhysiology 606 $aCellular signal transduction$xPhysiology 608 $aElectronic books. 615 0$aDevelopmental neurobiology. 615 0$aNeurons$xGrowth. 615 0$aNeurons$xPhysiology. 615 0$aAxons$xGrowth. 615 0$aAxons$xPhysiology. 615 0$aDendrites$xGrowth. 615 0$aDendrites$xPhysiology. 615 0$aCellular signal transduction$xPhysiology. 676 $a612.8 701 $aRubenstein$b John L. R$0869986 701 $aRakic$b Pasko$0869987 801 0$bMiAaPQ 801 1$bMiAaPQ 801 2$bMiAaPQ 906 $aBOOK 912 $a9910459131303321 996 $aCellular migration and formation of neuronal connections$92463679 997 $aUNINA LEADER 01192nam a2200325 i 4500 001 991003674929707536 005 20021220115231.0 008 020610s1995 bg ||| | eng 020 $a9548854023 035 $ab11846677-39ule_inst 035 $aLE01313162$9ExL 040 $aDip.to Matematica$beng 082 0 $a510 084 $aAMS 97D40 084 $aZDM D00 100 1 $aKatz, Yaacov J.$0531788 245 10$aComputers in education :$bpedagogical and psychological implications /$cedited by Yaacov J. Katz 260 $a[Sofia, Bulgaria] :$bBulgarian Academy of Sciences, Central Library,$c1995 300 $a230 p. ;$c22 cm. 490 0 $aIFIP Transactions 500 $aIncludes bibliographical references and index 650 4$aComputer$xAssisted instruction 650 4$aComputers$xPsychological aspects 650 4$aEducation-data processing 907 $a.b11846677$b28-04-17$c20-12-02 912 $a991003674929707536 945 $aLE013 D00 KAT11 (1995)$g1$i2013000132082$lle013$o-$pE0.00$q-$rl$s- $t0$u2$v0$w2$x0$y.i12099016$z20-12-02 996 $aComputers in education$9900118 997 $aUNISALENTO 998 $ale013$b01-01-02$cm$da $e-$feng$gbg $h0$i1 LEADER 04606nam 22005053 450 001 9910888056203321 005 20251116150237.0 010 $a9783428573738 010 $a3428573730 035 $a(CKB)5690000000011835 035 $a(MiAaPQ)EBC7101308 035 $a(Au-PeEL)EBL7101308 035 $a(OCoLC)1348488662 035 $a(Exl-AI)7101308 035 $a(EXLCZ)995690000000011835 100 $a20221219d2022 uy 0 101 0 $ager 135 $aurcnu|||||||| 181 $ctxt$2rdacontent 182 $cc$2rdamedia 183 $acr$2rdacarrier 200 10$aVerfassung und Verwaltungsorganisation der Städte $eVierter Band, Viertes Heft: Königreich Bayern. Im Auftrag des Vereins Für Socialpolitik Herausgegeben. (Schriften des Vereins Für Socialpolitik 120-IV) 205 $a1st ed. 210 1$aBerlin :$cDuncker & Humblot,$d2022. 210 4$d©1906. 215 $a1 online resource (197 pages) 225 1 $aDuncker & Humblot reprints 311 08$a9783428173730 311 08$a3428173732 327 $aInhaltsverzeichnis -- Königreich Bayer. Bearbeitet von Dr. jur. et rer. pol. Bruno Stern in Würzburg -- Einleitung: Die Materialien -- I. Abschnitt: Die Geschichte der bayrischen Gemeindeorganisation -- 1. Kapitel: Die Zeit vor dem 19. Jahrhundert -- 2. Kapitel: Die Ära Montgelas 1799?1817 -- 3. Kapitel: Die Gesetzgebung von 1818 -- 4. Kapitel: Die Zeit von 1818 bis 1869 -- 5. Kapitel: Die Reform von 1869 -- II. Abschnitt: Die heutige Organisation -- 1. Kapitel: Die Kategorien der bayrischen Städte -- 2. Kapitel: Das Stadtgebiet -- 3. Kapitel: Die Einwohnerschaft, ihre Gliederung in Heimatberechtigte und Bürger -- 4. Kapitel: Die Gemeindewahlen -- 5. Kapitel: Gemeindebehörde und Gemeindevertretung -- 6. Kapitel: Zusammensetzung des Magistrates und des Kollegiums der Gemeindebevollmächtigten. ? Vorbildung, Stellung und politische Betätigung der städtischen Beamten und Bediensteten. ? Beteiligung der Mitglieder beider Kollegien an Lieferungen und Arbeiten für die Stadt und an Aktiengesellschaften -- 7. Kapitel: Geschäftsgang des Magistrates und des Kollegiums der Gemeindebevollmächtigten. ? Einzelausschüsse und gemeinschaftliche Ausschüsse beider Kollegien ? Seniorenkonvent -- 8. Kapitel: Heranziehung der Bürger und der übrigen Gemeindeangehörigen zu städtischen Ehrenämtern außerhalb des Magistrates und des Kollegiums der Gemeindebevollmächtigten -- 9. Kapitel: Verhältnis der Städte zu den umliegenden Landgemeinden -- 10. Kapitel: Städtetage -- 11. Kapitel: Verhältnis der Städte zur Staatsregierung -- 12. Kapitel: Skizzierung der Verhältnisse der Pfalz unter Hervorhebung der wesentlichen Unterschiede zwischen der Verfassungs- und Verwaltungsorganisation der links- und rechtsrheinischen bayrischen Städte -- Schluß -- Nachträge -- Fürth. Bearbeitet von Dr. Friedrich Morgenstern -- Einleitung -- I. Stadtgebiet -- II. Vertretung der Bürgerschaft, vornehmlich das Gemeindekollegium -- III. Gemeindevorstand und Gemeindebeamte -- IV. Verhältnis des Gemeindevorstandes zu der Gemeindevertretung$7Generated by AI. 330 $aThis volume provides an in-depth analysis of the constitutional and administrative frameworks of Bavarian cities during the late 19th and early 20th centuries. It explores the historical evolution of Bavarian urban governance, focusing on key legislative developments from the pre-19th century era through to significant reforms in 1869. The work includes detailed examinations of urban organization, the roles and responsibilities of municipal officials, and the relationship between cities and surrounding rural communities. The book aims to offer a comprehensive understanding of the legal and administrative transformations within the Kingdom of Bavaria, making it suitable for scholars of political science, history, and law, as well as those interested in the development of municipal governance.$7Generated by AI. 410 0$aDuncker & Humblot reprints 517 $aVerfassung und Verwaltungsorganisation der Städte 606 $aMunicipal government$7Generated by AI 606 $aLocal government$zGermany$7Generated by AI 615 0$aMunicipal government 615 0$aLocal government 700 $aSocialpolitik$b Verein für$01769272 801 0$bMiAaPQ 801 1$bMiAaPQ 801 2$bMiAaPQ 906 $aBOOK 912 $a9910888056203321 996 $aVerfassung und Verwaltungsorganisation der Städte$94266838 997 $aUNINA